00363pam a2200133 a 4500020002000000041000800020082001300028100001700041245008900058260003100147300000900178653002500187700001700212 a9788126517220c aeng a543bHAM aHamilton, R. aThin Layer Chromatography : Analytical Chemistry By Open LearninghTextual Documents aWeinheimbJohn Wileyc2008 a129. aAnalytical Chemistry aHamilton, S.